000
00332nam a2200121Ia 4500
008
151001s9999||||xx |||||||||||||| ||und||
100
_a
लक्ष्मिक देशमुख
245
_a
सलोमी
260
_b
अंजली प्रकाशन पुणे
260
_c
1990
300
_a
144
365
_b
21
999
_c
970289
_d
970286